Liste des statues équestres de Paris - Statistiques

Statistiques générales
  • Ce quiz a été pris 25 fois
  • Le résultat moyen est 12 sur 32
Statistiques - réponses
Lieu Œuvre % Correct
Basilique du Sacré-Cœur de Montmartre Louis IX
91%
Place des Vosges Louis XIII
91%
Place des Victoires Louis XIV
91%
Palais du Louvre Louis XIV sous les traits de Marcus Curtius
91%
Pont Neuf Henri IV
87%
Place des Pyramides Jeanne d'Arc
78%
Place Saint-Augustin Jeanne d'Arc
78%
Basilique du Sacré-Cœur de Montmartre Jeanne d'Arc
78%
Parvis Notre-Dame - place Jean-Paul-II Charlemagne et ses Leudes
70%
Place Joffre Joseph Joffre
70%
Place du Trocadéro-et-du-11-Novembre Ferdinand Foch
52%
Place Édouard-VII Édouard VII
43%
Place d'Iéna George Washington
39%
Cours la Reine La Fayette
35%
Cours la Reine Simón Bolívar
22%
Quai de l'Hôtel-de-Ville Étienne Marcel
17%
Cours la Reine Albert 1er
13%
Palais du Louvre, guichet Lesdiguières Apollon chevauchant Pégase
13%
Parc Montsouris José de San Martín
13%
Place de Colombie Monument au roi Alexandre Ier de Yougoslavie
13%
Place Lucien-Herr Cheval cabré
9%
Centre hospitalier Sainte-Anne Gladiateur à cheval
9%
Cirque d'Hiver Guerrier à cheval
9%
Cirque d'Hiver Guerrière à cheval
9%
Pont de Bir-Hakeim La France Renaissante
9%
Place de la Concorde La Renommée chevauchant Pégase
9%
Palais de la découverte La Science en marche en dépit de l'Ignorance
9%
Square de l'Opéra-Louis-Jouvet Le Poète chevauchant Pégase
9%
Palais de la découverte L'Inspiration guidée par la Sagesse
9%
Place de la Concorde Mercure chevauchant Pégase
9%
Cimetière du Père-Lachaise Andranik Ozanian
4%
Cimetière du Père-Lachaise Jacques Nicolas Gobert
4%
Aucun quiz correspondant
Distribution des résultats
% des personnes avec chaque résultat
Percentile par nombre de réponses
Votre historique - résultats
Vous n’avez pas pris ce quiz